书目信息 |
| 题名: |
全国二级建造师执业资格考试复习导航
|
|
| 作者: | 夏立明 , 朱俊文 主编 | |
| 分册: | 建设工程施工管理 | |
| 出版信息: | 武汉 华中科技大学出版社 2008.04 |
|
| 页数: | 173页 | |
| 开本: | 26cm | |
| 丛书名: | ||
| 单 册: | ||
| 中图分类: | TU71 | |
| 科图分类: | ||
| 主题词: | 建筑工程--jian zhu gong cheng--施工管理--建筑师--资格考试--自学参考资料 | |
| 电子资源: | ||
| ISBN: | 978-7-5609-4481-4 | |
| 000 | 01231nam0 2200265 450 | |
| 001 | 012008178968 | |
| 005 | 20080430113622.85 | |
| 010 | @a978-7-5609-4481-4@dCNY23.00 | |
| 100 | @a20080429d2008 em y0chiy0120 ea | |
| 101 | 0 | @achi |
| 102 | @aCN@b420000 | |
| 105 | @ak z 000yy | |
| 106 | @ar | |
| 200 | 1 | @a全国二级建造师执业资格考试复习导航@Aquan guo er ji jian zao shi zhi ye zi ge kao shi fu xi dao hang@i建设工程施工管理@f夏立明, 朱俊文主编@Fxia li ming,zhu jun wen zhu bian |
| 210 | @a武汉@c华中科技大学出版社@d2008.04 | |
| 215 | @a173页@d26cm | |
| 330 | @a本书内容包括施工管理概论、工程造价控制、施工进度控制、施工质量控制、施工组织与计划、施工合同管理、施工项目信息管理等从事建筑工程项目管理必备的相关知识点。 | |
| 512 | 1 | @a2008全国二级建造师执业资格考试复习导航建设工程施工管理@A2008 quan guo er ji jian zao shi zhi ye zi ge kao shi fu xi dao hang jian she gong cheng shi gong guan li |
| 517 | 1 | @a建设工程施工管理@Ajian she gong cheng shi gong guan li |
| 606 | 0 | @a建筑工程@Ajian zhu gong cheng@x施工管理@x建筑师@x资格考试@j自学参考资料 |
| 690 | @aTU71@v4 | |
| 701 | 0 | @a夏立明@Axia li ming@4主编 |
| 701 | 0 | @a朱俊文@Azhu jun wen@4主编 |
| 801 | 0 | @aCN@bQSSK@c20080430 |
| 905 | @b299169-71@dTU71@eX196@f3 | |
| 全国二级建造师执业资格考试复习导航.建设工程施工管理/夏立明, 朱俊文主编.-武汉:华中科技大学出版社,2008.04 |
| 173页;26cm |
| ISBN 978-7-5609-4481-4:CNY23.00 |
| 本书内容包括施工管理概论、工程造价控制、施工进度控制、施工质量控制、施工组织与计划、施工合同管理、施工项目信息管理等从事建筑工程项目管理必备的相关知识点。 |
| ● |
| 相关链接 |
|
|
|
正题名:全国二级建造师执业资格考试复习导航
索取号:TU71/X196
 
预约/预借
| 序号 | 登录号 | 条形码 | 馆藏地/架位号 | 状态 | 备注 |
| 1 | 299169 | 202991691 | 建筑库201/ [索取号:TU71/X196] | 在馆 | |
| 2 | 299170 | 202991708 | 建筑库201/201建筑库 16排3列3层/ [索取号:TU71/X196] | 在馆 | |
| 3 | 299171 | 202991717 | 建筑库201/201建筑库 16排3列3层/ [索取号:TU71/X196] | 在馆 |